000 00520nam a22001817a 4500
999 _c159022
_d159022
003 dpl
005 20181127164053.0
008 181127b ||||| |||| 00| 0 eng d
020 _a8120907302
_c175.00
035 _aA-993204
040 _aDPL
_bEN
_c0
082 _a920
100 _aMurthi,R.K.
245 _aChildren's Encylopedia of Nobel Laureates /
_cby R.K.Murthi
260 _aNew Delhi
_bPitambar Publishing Company Pvt. Ltd.
_c1999
300 _a100p;
_c21cm
942 _2ddc
_cEN
_h920
_mCHI